000 00582nam a2200229Ia 4500
003 OSt
005 20220918200250.0
006 a|||||r|||| 00| 0
007 ta
008 220917b |||||||| |||| 00| 0 eng d
024 _a88,052
037 _cTextual
040 _aARTS
_cARTS
_beng
041 _2eng
_aeng
082 _aU:41, J5-;1
100 _aCressey G B
_993300
245 0 _aLand of the five hundred million
_b a geography of China
260 _c1955
650 _aGEOGRAPHY
942 _hU:41, J5-;1
_cTEXL
_2CC
999 _c211742
_d211742